[Event "9th Asrian Memorial 2016"]
[Site "Yerevan ARM"]
[Date "2016.06.18"]
[Round "3.7"]
[White "Igonin, Temur"]
[Black "Pashikian, Arman"]
[Result "0-1"]
[WhiteTitle "IM"]
[BlackTitle "GM"]
[WhiteElo "2474"]
[BlackElo "2611"]
[WhiteFideId "14203049"]
[BlackFideId "13301578"]
[EventDate "2016.06.16"]

1. e4 e5 2. Nf3 Nc6 3. Bc4 Bc5 4. O-O d6 5. c3 Nf6 6. d3 a6 7. a4 Ba7 8. Nbd2
O-O 9. Re1 Ne7 10. Nf1 Ng6 11. Ng3 c6 12. b4 d5 13. Bb3 Be6 14. h3 dxe4 15. dxe4
Qxd1 16. Bxd1 Rfd8 17. Be2 Nf4 18. Bf1 Nd3 19. Re2 Nxc1 20. Rxc1 Bb8 21. Rb2 h6
22. c4 b6 23. c5 b5 24. a5 Ra7 25. Be2 Rad7 26. Rcc2 g6 27. Rd2 Nh7 28. Rxd7
Rxd7 29. Rd2 Kg7 30. Rxd7 Bxd7 31. Bd3 Nf8 32. Nd2 Ne6 33. f3 Bc7 34. Ne2 h5 35.
g3 h4 36. gxh4 Bd8 37. f4 exf4 38. Nf3 Bc7 39. e5 f6 40. exf6+ Kxf6 41. Be4 Nd8
42. Kg2 Bf5 43. Bxf5 Kxf5 44. Ng5 Ne6 45. Kf3 Nxg5+ 46. hxg5 Kxg5 47. Nd4 Kh4
48. Ne6 Bb8 49. Nxf4 g5 50. Ne6 Be5 51. Nd8 Kxh3 52. Nxc6 g4+ 53. Ke4 Bc3 54.
Ne5 Bxb4 55. c6 Bxa5 56. Nd3 g3 57. Kf3 Bc7 58. Nf4+ Kh2 0-1

[Event "9th Asrian Memorial 2016"]
[Site "Yerevan ARM"]
[Date "2016.06.18"]
[Round "3.8"]
[White "Grigoryan, Karen H."]
[Black "Bakunts, Rafael"]
[Result "1/2-1/2"]
[WhiteTitle "GM"]
[WhiteElo "2604"]
[BlackElo "2355"]
[WhiteFideId "13301004"]
[BlackFideId "13304097"]
[EventDate "2016.06.16"]

1. e4 e5 2. Nf3 Nc6 3. Bb5 a6 4. Bxc6 dxc6 5. O-O Bd6 6. d4 exd4 7. Qxd4 f6 8.
Re1 Ne7 9. e5 fxe5 10. Nxe5 O-O 11. Bg5 h6 12. Qc4+ Kh7 13. Nf7 Rxf7 14. Qxf7
hxg5 15. Nc3 Bf5 16. Rxe7 Qxe7 17. Qxf5+ g6 18. Qe4 Qf6 19. Re1 Rf8 20. Qe3 Qf4
21. g3 Qf5 22. Ne4 g4 23. Ng5+ Kg8 24. Ne6 Rf7 25. Nd4 Qf6 26. c3 Bc5 27. Rd1
Re7 28. Qd3 Kg7 29. Kg2 Kh7 30. Rd2 Bxd4 31. cxd4 Qe6 32. Qb3 Qxb3 33. axb3 Rd7
34. Kf1 c5 35. d5 Kh6 36. Ke2 Kg5 37. f3 b5 38. fxg4 Kxg4 39. Ke3 Re7+ 1/2-1/2

[Event "9th Asrian Memorial 2016"]
[Site "Yerevan ARM"]
[Date "2016.06.18"]
[Round "3.9"]
[White "Kovalev, Vladislav"]
[Black "Torosyan, Norayr"]
[Result "1-0"]
[WhiteTitle "GM"]
[WhiteElo "2584"]
[BlackElo "2361"]
[WhiteFideId "13504398"]
[BlackFideId "13300431"]
[EventDate "2016.06.16"]

1. e4 c6 2. Nc3 d5 3. Nf3 Bg4 4. h3 Bxf3 5. Qxf3 e6 6. d3 Nd7 7. Bd2 g6 8. O-O-O
Bg7 9. g4 Ne7 10. h4 h6 11. Qg3 Qb6 12. h5 gxh5 13. Rxh5 O-O-O 14. e5 f6 15.
exf6 Nxf6 16. Re5 c5 17. Rde1 Rd6 18. Bh3 Nd7 19. R5e2 e5 20. f4 e4 21. dxe4 d4
22. e5 dxc3 23. Bxc3 Rg6 24. Qd3 Rd8 25. Rd1 Qa6 26. Qxa6 Rxa6 27. Red2 Ng6 28.
g5 Nxf4 29. Bxd7+ Rxd7 30. Rxd7 Ne2+ 31. Kb1 Nxc3+ 32. bxc3 Bxe5 33. Rd8+ Kc7
34. R1d7+ Kc6 35. g6 Rb6+ 36. Kc1 Bf4+ 37. Rd2 Bxd2+ 38. Rxd2 1-0

[Event "9th Asrian Memorial 2016"]
[Site "Yerevan ARM"]
[Date "2016.06.18"]
[Round "3.10"]
[White "Kotanjian, Tigran"]
[Black "Danielyan, Vahe"]
[Result "0-1"]
[WhiteTitle "GM"]
[BlackTitle "FM"]
[WhiteElo "2485"]
[BlackElo "2240"]
[WhiteFideId "13301250"]
[BlackFideId "13304828"]
[EventDate "2016.06.16"]

1. c4 Nf6 2. Nc3 c5 3. Nf3 e6 4. d4 cxd4 5. Nxd4 Nc6 6. a3 Bc5 7. e3 O-O 8. b4
Bxd4 9. exd4 d5 10. Be3 b6 11. Rc1 dxc4 12. Bxc4 Bb7 13. O-O Rc8 14. Ba2 Ne7 15.
Bg5 Rxc3 16. Rxc3 Ne4 17. Bxe7 Nxc3 18. Bxd8 Nxd1 19. Bxb6 Nc3 20. Bc5 Nxa2 21.
Bxf8 Kxf8 22. Rd1 Nc3 23. Rd2 Be4 24. f3 Bg6 25. Rb2 Na4 26. Re2 Nb6 27. Ra2 Nd5
28. Ra1 Ke7 29. Rc1 Kd7 30. Kf2 Bd3 31. h4 Bb5 32. Rc5 a6 33. g4 f6 34. Kg3 g6
35. g5 f5 36. f4 Ne7 37. Rc2 Kd6 38. Kf2 Nd5 39. Kg3 Bc6 40. Rc5 Nc7 41. Ra5 Bb5
42. a4 Bc6 43. Kf2 Bd7 44. Kg3 Kc6 45. Rc5+ Kb7 46. a5 Nd5 47. Rc1 Bb5 48. Re1
Nc7 49. d5 exd5 50. Re7 d4 51. Kf2 d3 52. Ke1 Kc6 53. Rxh7 Nd5 54. h5 Nc3 55.
hxg6 Ne4 56. Rh2 Bc4 57. g7 d2+ 58. Rxd2 Nxd2 59. Kxd2 Bf7 60. Kc3 Kd5 61. b5
axb5 62. Kb4 Kc6 63. a6 Kb6 64. a7 Kxa7 65. Kxb5 Kb7 66. Kc5 Kc7 67. Kb5 Kd6 68.
Kb6 Kd5 0-1

[Event "9th Asrian Memorial 2016"]
[Site "Yerevan ARM"]
[Date "2016.06.18"]
[Round "3.11"]
[White "Sargsyan, Shant"]
[Black "Babujian, Levon"]
[Result "1/2-1/2"]
[WhiteTitle "CM"]
[BlackTitle "GM"]
[WhiteElo "2378"]
[BlackElo "2469"]
[WhiteFideId "13306766"]
[BlackFideId "13301993"]
[EventDate "2016.06.16"]

1. d4 Nf6 2. c4 g6 3. g3 Bg7 4. Bg2 d5 5. cxd5 Nxd5 6. e4 Nb6 7. Ne2 c5 8. d5
O-O 9. O-O e6 10. Nbc3 exd5 11. exd5 Bf5 12. Be3 Na6 13. b3 Rc8 14. Qd2 Re8 15.
h3 Nb4 16. Rac1 c4 17. Nf4 Qf6 18. g4 Bd3 19. Nxd3 Nxd3 20. Rc2 Ne5 21. f4 cxb3
22. axb3 Nxg4 23. hxg4 Rxc3 24. Qxc3 Qxc3 25. Rxc3 Bxc3 26. Bxb6 axb6 27. Rd1
Rd8 28. d6 Rd7 29. Bf1 Bb4 30. Kg2 Bxd6 31. g5 Kg7 32. Kf3 Rd8 33. Bc4 f6 34.
Kg4 f5+ 35. Kf3 h5 36. gxh6+ Kxh6 37. Rd2 Kg7 38. Rd1 Kf6 39. Rd2 Ke7 40. Re2+
Kf8 41. Rd2 Ke8 42. Bb5+ Ke7 43. Re2+ Kf6 44. Rd2 Ke6 45. Re2+ Kf7 46. Rd2 Kf6
47. Rd1 g5 48. fxg5+ Kxg5 49. Rd2 Kf6 50. Bc4 b5 51. Bxb5 Ke6 52. Bc4+ Kd7 53.
Rd5 f4 54. Rh5 Kc7 55. Bd5 Kb6 56. Rh6 Rd7 57. Be4 Rd8 58. Bd5 Ka6 59. Rg6 Ka7
60. Rg7 Bc7 61. Be4 Kb8 62. Rh7 Rg8 63. Bd5 Rg3+ 64. Ke4 Rg1 65. Kd4 Rc1 66. Rf7
Ka7 67. Bc4 Bd6 68. Bd5 Bc7 69. Bc4 Rd1+ 70. Ke4 Kb6 71. Rf6+ Ka7 72. Rf7 Re1+
73. Kd5 Bb8 74. Kd4 Be5+ 75. Kc5 Rc1 76. Kd5 Bb8 77. Kd4 Rd1+ 78. Ke4 Re1+ 79.
Kd4 Rc1 80. Ke4 Bd6 81. Bd5 Bc7 82. Bc4 Re1+ 83. Kd5 Kb6 84. Rf6+ Ka5 85. Rf7
Rd1+ 86. Ke4 Kb6 87. Rf6+ Kc5 88. Rf5+ Kc6 89. Bd5+ Kb6 90. Rf6+ Ka7 91. Rf7
Re1+ 92. Kd4 Kb6 93. Rf6+ Ka5 94. Rf7 Be5+ 95. Kc5 b6+ 96. Kc6 Rc1+ 97. Bc4 b5
98. Ra7+ Kb4 99. Rb7 Kc3 100. Kxb5 Kd4 101. Rd7+ Ke3 102. Bd5 Rd1 103. Bc6 Bd6
104. Rf7 Rd4 105. Ka5 Bb4+ 106. Kb5 Ba3 107. Ka5 Bc1 108. Re7+ Kf2 109. Rd7 Bd2+
110. Ka6 1/2-1/2

[Event "9th Asrian Memorial 2016"]
[Site "Yerevan ARM"]
[Date "2016.06.18"]
[Round "3.12"]
[White "Mkrtchyan, Sargis R."]
[Black "Hovhannisyan, Robert"]
[Result "0-1"]
[BlackTitle "GM"]
[WhiteElo "2183"]
[BlackElo "2641"]
[WhiteFideId "13307878"]
[BlackFideId "13302507"]
[EventDate "2016.06.16"]

1. d4 Nf6 2. Nf3 d5 3. c4 e6 4. Nc3 Nbd7 5. Bf4 dxc4 6. e3 b5 7. Nxb5 Nd5 8. Bg3
Bb4+ 9. Nd2 N7b6 10. Qc2 O-O 11. Be2 Ba6 12. Nc3 c5 13. O-O cxd4 14. exd4 Rc8
15. Nf3 Bb7 16. Rad1 f5 17. Rfe1 Qe8 18. Be5 Nd7 19. Bf1 Qh5 20. Be2 Qh6 21. a3
Be7 22. Qa4 Bc6 23. Qa6 Qg6 24. Bxc4 Nxc3 25. bxc3 Bxf3 26. Qxe6+ Kh8 27. Qxg6
hxg6 28. Bxg7+ Kxg7 29. Rxe7+ Kf6 30. Rde1 Be4 31. Rxd7 Rxc4 32. f3 Bd3 33. Rxa7
Rxc3 34. d5 Rf7 35. Re6+ Kg7 36. Ra5 Rc1+ 37. Kf2 f4 38. g4 Rb7 39. Kg2 Bf1+ 40.
Kg1 Bh3+ 0-1

[Event "9th Asrian Memorial 2016"]
[Site "Yerevan ARM"]
[Date "2016.06.18"]
[Round "3.13"]
[White "Sivuk, Vitaly"]
[Black "Hairapetian, Anna"]
[Result "1-0"]
[WhiteTitle "GM"]
[BlackTitle "WIM"]
[WhiteElo "2520"]
[BlackElo "2184"]
[WhiteFideId "14116502"]
[BlackFideId "13303554"]
[EventDate "2016.06.16"]

1. d4 d6 2. e4 Nf6 3. Nc3 g6 4. Be3 Bg7 5. f3 Nbd7 6. Qd2 c5 7. dxc5 dxc5 8.
O-O-O Qa5 9. Kb1 e5 10. g4 O-O 11. h4 h5 12. g5 Nh7 13. Nd5 Qd8 14. Bb5 b6 15.
Bc6 Rb8 16. Qg2 Kh8 17. Ne2 Re8 18. f4 Re6 19. Bxd7 Bxd7 20. fxe5 Bxe5 21. Rhf1
Qe8 22. Nef4 Bb5 23. Rf2 Rd6 24. Nd3 Bxd3 25. cxd3 Nf8 26. Bf4 Nd7 27. Qg3 Bxf4
28. Rxf4 Ne5 29. Rf6 Rbd8 30. Rxd6 Rxd6 31. Rf1 Kg7 32. b3 Rc6 33. Rf6 b5 34.
Rxc6 Nxc6 35. Qd6 c4 36. Nc7 Qd8 37. Qxd8 Nxd8 38. dxc4 bxc4 39. bxc4 Nc6 40. c5
Kf8 41. Kb2 Ne5 42. Nb5 Nd3+ 43. Kc3 Nxc5 44. Kd4 Ne6+ 45. Ke5 a6 46. Nc3 a5 47.
Nd5 Ke8 48. Nb6 Ke7 49. Nd5+ Kd7 50. a3 Nc5 51. Nf4 Nb3 52. Kf6 Ke8 53. e5 Nd2
54. e6 fxe6 55. Kxg6 Nf3 56. Kxh5 e5 57. Nd5 Kf7 58. Kg4 e4 59. h5 Ke6 60. Ne3
a4 61. Kf4 Kf7 62. g6+ Kf6 63. Nd5+ Kg7 64. Ne7 Kf6 65. h6 Kxe7 66. h7 Nh4 67.
Kg5 Nf3+ 68. Kg4 Ne5+ 69. Kf5 1-0

[Event "9th Asrian Memorial 2016"]
[Site "Yerevan ARM"]
[Date "2016.06.18"]
[Round "3.14"]
[White "Hakobyan, Hovhannes H."]
[Black "Petrosyan, Manuel"]
[Result "0-1"]
[BlackTitle "IM"]
[WhiteElo "2161"]
[BlackElo "2518"]
[WhiteFideId "13306308"]
[BlackFideId "13300857"]
[EventDate "2016.06.16"]

1. e4 c6 2. d4 d5 3. f3 e6 4. Nc3 Be7 5. Be3 Nf6 6. e5 Nfd7 7. f4 O-O 8. Nf3 c5
9. Qd2 Nc6 10. dxc5 Nxc5 11. Bd3 f6 12. exf6 Nxd3+ 13. Qxd3 Bxf6 14. Rd1 Bh4+
15. Nxh4 Qxh4+ 16. Bf2 Qxf4 17. O-O Ne5 18. Qh3 Qg4 19. Bc5 Rxf1+ 20. Rxf1 Bd7
21. Qe3 Qh5 22. Qf4 h6 23. Bd4 Nc6 24. Bxg7 Kxg7 25. Qf6+ Kh7 26. Qf7+ Qxf7 27.
Rxf7+ Kg6 28. Rxd7 Rb8 29. Ne2 Ne5 30. Rc7 Kf6 31. b3 a5 32. a4 Nc6 33. c3 Ke5
34. Rh7 b5 35. Rxh6 b4 36. Nd4 Nxd4 37. cxd4+ Kxd4 38. Rxe6 Kc3 39. Rd6 Kxb3 40.
Rxd5 Kxa4 41. Rd4 Ka3 42. Rd1 b3 43. Ra1+ Kb4 0-1

[Event "9th Asrian Memorial 2016"]
[Site "Yerevan ARM"]
[Date "2016.06.18"]
[Round "3.15"]
[White "Mikaelyan, Arman"]
[Black "Movsisyan, Vardan"]
[Result "0-1"]
[WhiteTitle "IM"]
[WhiteElo "2444"]
[BlackElo "2179"]
[WhiteFideId "13304852"]
[BlackFideId "13301799"]
[EventDate "2016.06.16"]

1. Nf3 g6 2. g3 Bg7 3. d4 d5 4. Bg2 Nf6 5. O-O O-O 6. c4 c6 7. b3 Ne4 8. Bb2 Nd7
9. e3 f5 10. Nbd2 Nd6 11. Ne5 Nxe5 12. dxe5 dxc4 13. bxc4 Nf7 14. f4 Qc7 15. Qc2
c5 16. Nb3 Rb8 17. Rad1 e6 18. Rd2 Rd8 19. e4 Rxd2 20. Qxd2 fxe4 21. Bxe4 b6 22.
Rd1 Bb7 23. Bxb7 Qxb7 24. Qe2 Rd8 25. Rxd8+ Nxd8 26. Qd3 Nc6 27. Nd2 Bf8 28. Ne4
Be7 29. a3 Qc7 30. Kf2 a6 31. h4 Qd8 32. Qe2 Nd4 33. Qd3 Nc6 34. Qf3 Nd4 35. Qg4
Nf5 36. Ke2 Qa8 37. Kd3 b5 38. Qf3 bxc4+ 39. Kc2 Qd5 40. h5 gxh5 41. g4 hxg4 42.
Qxg4+ Kf7 43. Qf3 Nd4+ 44. Bxd4 cxd4 45. f5 Qxe5 46. fxe6+ Ke8 47. Qg4 Kd8 48.
Kd1 Kc7 49. Nd2 c3 50. Nf3 Qe3 51. Qf5 d3 52. Qa5+ Kb8 53. Qe5+ Qxe5 54. Nxe5 0-1

[Event "9th Asrian Memorial 2016"]
[Site "Yerevan ARM"]
[Date "2016.06.18"]
[Round "3.16"]
[White "Shahinyan, David"]
[Black "Golikov, Daniil"]
[Result "1-0"]
[WhiteTitle "IM"]
[WhiteElo "2442"]
[BlackElo "2142"]
[WhiteFideId "13304380"]
[BlackFideId "24170623"]
[EventDate "2016.06.16"]

1. c4 c5 2. Nc3 Nc6 3. g3 g6 4. Bg2 Bg7 5. e4 d6 6. Nge2 Bg4 7. f3 Bd7 8. O-O e6
9. d3 Nge7 10. Be3 Nd4 11. Rb1 Nec6 12. a3 O-O 13. b4 b6 14. f4 Nxe2+ 15. Nxe2
e5 16. f5 Nd4 17. Nxd4 cxd4 18. Bd2 Rc8 19. b5 a5 20. bxa6 Ra8 21. Rb4 Rxa6 22.
Qb3 Bc6 23. Bh3 Kh8 24. Qb2 f6 25. Rb1 Ba4 26. Bf1 gxf5 27. exf5 d5 28. Bg2 Bd7
29. g4 dxc4 30. Rxc4 b5 31. Rc2 Re8 32. Be4 Bf8 33. Bb4 Bxb4 34. Qxb4 Rg8 35. h3
h5 36. Rg2 Qf8 37. Qxf8 Rxf8 38. Rc1 hxg4 39. Rxg4 Rc8 40. Rb1 Rxa3 41. Kf2 Rc2+
42. Kf3 Raa2 43. Rh4+ Kg7 44. Rg1+ Kf8 45. Rh8+ Ke7 46. Rg7+ Kd6 47. Rd8 Rc7 48.
Rf8 b4 49. Rxf6+ Kc5 50. Re7 b3 51. Rxe5+ Kb4 52. Rb6+ Kc3 53. Bd5 Ba4 54. Re1
Kd2 55. Rb1 Kxd3 56. Bxb3 Bxb3 57. R1xb3+ Kc2 58. Ke4 Rd7 59. Rd3 Re7+ 60. Re6
Rxe6+ 61. fxe6 Ra6 62. Rxd4 Rxe6+ 63. Kf5 Rh6 64. h4 Kc3 65. Rf4 Kd3 66. Kg5 Ra6
67. h5 Ke3 68. Rf8 Ra1 69. Re8+ Kd4 70. h6 Rg1+ 71. Kf6 Rh1 72. Rh8 Rf1+ 73. Ke6
Ke4 74. h7 Rh1 75. Kf6 Kf4 76. Rf8 1-0

[Event "9th Asrian Memorial 2016"]
[Site "Yerevan ARM"]
[Date "2016.06.18"]
[Round "3.17"]
[White "Gharibyan, Mamikon"]
[Black "Hakobyan, Aram"]
[Result "1-0"]
[WhiteTitle "CM"]
[BlackTitle "FM"]
[WhiteElo "2085"]
[BlackElo "2382"]
[WhiteFideId "13308300"]
[BlackFideId "13306677"]
[EventDate "2016.06.16"]

1. d4 g6 2. c4 Bg7 3. Nf3 c5 4. d5 d6 5. Nc3 e5 6. e4 Ne7 7. Bd3 O-O 8. O-O h6
9. a3 f5 10. Re1 Nd7 11. exf5 gxf5 12. Nh4 Nf6 13. g3 a6 14. a4 Qe8 15. f4 e4
16. Be2 Kh8 17. Kh1 Ng6 18. Ng2 Rg8 19. Ne3 Ne7 20. Qd2 Qg6 21. b3 h5 22. Rg1
Bd7 23. Bb2 Rae8 24. Rg2 Kh7 25. Rag1 Qh6 26. Ncd1 Qg6 27. Nf2 Ng4 28. Nfxg4
fxg4 29. Bd1 Nf5 30. Bxg7 Kxg7 31. Nxf5+ Bxf5 32. Qe3 Rh8 33. a5 Qf6 34. Rf2 Kf7
35. Bc2 Qd8 36. b4 cxb4 37. c5 dxc5 38. Qxc5 e3 39. Bxf5 exf2 40. Be6+ Kg7 41.
Qxf2 Kh6 42. Qd2 b3 43. Rb1 Kg7 44. f5 Qf6 45. Rxb3 Re7 46. Rb6 Rh6 47. Kg2 h4
48. Bc8 hxg3 49. hxg3 Qxb6 50. axb6 Rxb6 51. Be6 Rd6 52. Qg5+ 1-0

[Event "9th Asrian Memorial 2016"]
[Site "Yerevan ARM"]
[Date "2016.06.18"]
[Round "3.18"]
[White "Vardanian, Haik G."]
[Black "Korniyuk, Mariya"]
[Result "1-0"]
[WhiteTitle "FM"]
[BlackTitle "WFM"]
[WhiteElo "2355"]
[BlackElo "2082"]
[WhiteFideId "13303562"]
[BlackFideId "14118874"]
[EventDate "2016.06.16"]

1. Nf3 Nf6 2. b3 e6 3. Bb2 Be7 4. g3 b6 5. Bg2 Bb7 6. c4 d5 7. O-O O-O 8. cxd5
exd5 9. d4 Nbd7 10. Ne5 Ne4 11. Nd3 Re8 12. Nd2 Bf6 13. Rc1 Rc8 14. Rc2 c5 15.
dxc5 Bxb2 16. Nxe4 dxe4 17. Nxb2 Nxc5 18. Nc4 Qxd1 19. Rxd1 Rcd8 20. Rdc1 Ne6
21. Kf1 f6 22. Ne3 g6 23. Ke1 Re7 24. h4 h5 25. Bf1 Kf7 26. Nc4 Nc5 27. Rc3 Red7
28. b4 Ne6 29. Bh3 Bd5 30. e3 b5 31. Nd2 f5 32. Ra3 Rb7 33. Bf1 Nc7 34. Be2 Ke6
35. f3 Ne8 36. fxe4 fxe4 37. Rc5 Nd6 38. Ra6 Ke5 39. Nb3 Rb6 40. Rxa7 Nc4 41.
Bxc4 bxc4 42. Nd4 Kf6 43. b5 Be6 44. a4 Rbd6 45. a5 1-0

[Event "9th Asrian Memorial 2016"]
[Site "Yerevan ARM"]
[Date "2016.06.18"]
[Round "3.19"]
[White "Kalashian, David"]
[Black "Yeritsyan, Hayk"]
[Result "1-0"]
[WhiteTitle "IM"]
[WhiteElo "2316"]
[BlackElo "2082"]
[WhiteFideId "13302418"]
[BlackFideId "13307320"]
[EventDate "2016.06.16"]

1. d4 Nf6 2. c4 g6 3. Nc3 Bg7 4. e4 d6 5. Be2 O-O 6. Bg5 c5 7. d5 h6 8. Bf4 e6
9. dxe6 Bxe6 10. Qd2 Qb6 11. Bxh6 Bxh6 12. Qxh6 Qxb2 13. Rc1 Nc6 14. h4 Nb4 15.
Nd1 Qe5 16. a3 Ng4 17. Qd2 Nc6 18. h5 Nd4 19. Rc3 Rae8 20. hxg6 fxg6 21. Rch3
Qxe4 22. Rh8+ Kf7 23. R8h7+ Kg8 24. Qg5 Nf6 25. Qxf6 Nc2+ 26. Kf1 Ne3+ 27. Nxe3
Qb1+ 28. Nd1 Qxd1+ 29. Bxd1 Bxc4+ 30. Be2 Bxe2+ 31. Nxe2 Rxf6 32. Rh8+ 1-0

[Event "9th Asrian Memorial 2016"]
[Site "Yerevan ARM"]
[Date "2016.06.18"]
[Round "3.20"]
[White "Hovhannisyan, Karen G."]
[Black "Sayadyan, Edvard"]
[Result "0-1"]
[WhiteElo "2244"]
[BlackElo "2016"]
[WhiteFideId "13306618"]
[BlackFideId "13304909"]
[EventDate "2016.06.16"]

1. e4 c5 2. Nf3 d6 3. Bb5+ Nd7 4. O-O a6 5. Bxd7+ Bxd7 6. h3 Nf6 7. d3 g6 8. e5
dxe5 9. Nxe5 Rc8 10. Nc3 Bg7 11. Re1 O-O 12. a4 Be6 13. Nf3 Nd5 14. Ne4 h6 15.
c3 Qc7 16. d4 cxd4 17. Nxd4 Bd7 18. Qb3 Nb6 19. Nf3 Rfd8 20. Ng3 e5 21. Qb4 f5
22. Qa5 Be6 23. Be3 Nc4 24. Qxc7 Rxc7 25. Bc1 Rcd7 26. Rb1 Rd1 27. Kf1 e4 28.
Nd4 Rxe1+ 29. Kxe1 Bf7 30. Nge2 Ne5 31. Be3 Nd3+ 32. Kd2 Nc5 33. Kc2 Bc4 34. Nc1
Ne6 35. Nxe6 Bxe6 36. b3 g5 37. g3 Bf7 38. Ne2 Rd3 39. Bd4 Bf8 40. Rh1 Be7 41.
h4 gxh4 42. gxh4 h5 43. Nf4 Rf3 44. Ng2 Bd6 45. Rd1 Kf8 46. c4 f4 47. Ne1 Rh3
48. Bf6 Be7 49. Be5 Rxh4 50. Ng2 Rh2 51. Rg1 Bg5 52. Kc3 Rh3+ 53. Kd4 Rd3+ 54.
Kc5 Be7+ 55. Kb6 Rxb3+ 56. Kc7 f3 57. Ne3 Rxe3 58. fxe3 f2 59. Rf1 Bh4 60. c5
Bc4 61. Rxf2+ Bxf2 62. Kxb7 h4 63. c6 Bg3 64. c7 Be6 0-1

[Event "9th Asrian Memorial 2016"]
[Site "Yerevan ARM"]
[Date "2016.06.18"]
[Round "3.21"]
[White "Davtyan, Artur"]
[Black "Nanyan, Georgy"]
[Result "1-0"]
[WhiteElo "2239"]
[BlackElo "1570"]
[WhiteFideId "13308327"]
[BlackFideId "13310100"]
[EventDate "2016.06.16"]

1. d4 Nf6 2. c4 e6 3. Nc3 Bb4 4. Qc2 O-O 5. a3 Bxc3+ 6. Qxc3 d5 7. Nf3 c6 8. Bf4
Nbd7 9. e3 Ne4 10. Qc2 Ndf6 11. Bd3 b6 12. cxd5 cxd5 13. O-O Bd7 14. h3 Rc8 15.
Qe2 Ba4 16. Rfc1 Rxc1+ 17. Rxc1 Nd6 18. Ne5 Qe7 19. Ba6 Nfe8 20. Qe1 g5 21. Bh2
f5 22. Qb4 Bd7 23. Nxd7 Qxd7 24. Be5 h5 25. Qc3 g4 26. Qc6 Qe7 27. h4 Rf7 28.
Bf4 Ne4 29. Bd3 N8d6 30. Bxe4 Nxe4 31. Qa4 Rf8 32. Rc7 Qxh4 33. g3 Qd8 34. Qxa7
Ng5 35. Rg7+ 1-0

[Event "9th Asrian Memorial 2016"]
[Site "Yerevan ARM"]
[Date "2016.06.18"]
[Round "3.23"]
[White "Gavrish, Leonid"]
[Black "Barseghyan, Armen Ar."]
[Result "1-0"]
[WhiteElo "2212"]
[BlackElo "1849"]
[WhiteFideId "14110040"]
[BlackFideId "13306707"]
[EventDate "2016.06.16"]

1. d4 d5 2. c4 c6 3. cxd5 cxd5 4. Nc3 e5 5. Nf3 e4 6. Ne5 f6 7. Qa4+ Nd7 8. Nxd7
Bxd7 9. Qb3 Bc6 10. g3 Qb6 11. Qd1 g6 12. Bg2 Bg7 13. O-O f5 14. e3 Ne7 15. Rb1
Bb5 16. Nxb5 Qxb5 17. a4 Qd7 18. b4 a6 19. b5 axb5 20. Rxb5 O-O 21. Qb3 Rfb8 22.
Ba3 Nc6 23. Rxd5 Qf7 24. Rc1 Rxa4 25. Bf1 Rba8 26. Bd6 Kh8 27. Rb5 Qf6 28. Rxc6
h5 29. Rxb7 Qg5 30. Rcc7 1-0

[Event "9th Asrian Memorial 2016"]
[Site "Yerevan ARM"]
[Date "2016.06.18"]
[Round "3.24"]
[White "Babayan, Armine"]
[Black "Karapetyan, Lusine"]
[Result "1-0"]
[WhiteElo "2169"]
[BlackElo "1961"]
[WhiteFideId "13304135"]
[BlackFideId "13303163"]
[EventDate "2016.06.16"]

1. e4 e5 2. Nf3 Nc6 3. Bb5 a6 4. Ba4 Nf6 5. d3 b5 6. Bb3 Be7 7. O-O d6 8. c3 O-O
9. h3 Bb7 10. Re1 Re8 11. Nbd2 Bf8 12. Nf1 Na5 13. Bc2 c5 14. Bg5 h6 15. Bd2 g6
16. b4 cxb4 17. cxb4 Nc6 18. Bb3 d5 19. exd5 Nxd5 20. a3 Nf4 21. Bxf4 exf4 22.
Rxe8 Qxe8 23. Qd2 Ne5 24. N1h2 Bd6 25. Re1 Qc6 26. Rc1 Qd7 27. Nxe5 Bxe5 28. Ng4
Bg7 29. Qxf4 Rc8 30. Rxc8+ Bxc8 31. Nf6+ Bxf6 32. Qxf6 Kf8 33. Qh8+ Ke7 34. Qg8
Qxd3 35. Qxf7+ Kd6 36. Qf6+ Kc7 37. Qe5+ Qd6 38. Qg7+ Kb8 39. Qxh6 Bb7 40. Qh8+
Ka7 41. Qc3 Qd8 42. Qe3+ Ka8 43. Bc2 g5 44. Be4 Bxe4 45. Qxe4+ Ka7 46. Qf3 a5
47. bxa5 Qxa5 48. Qe3+ Ka6 49. g3 Qa4 50. Kg2 Qa5 51. Qe6+ Kb7 52. Qe7+ Kc6 53.
Qf6+ Kc5 54. Qxg5+ Kd4 55. Qe3+ Kc4 56. h4 1-0

[Event "9th Asrian Memorial 2016"]
[Site "Yerevan ARM"]
[Date "2016.06.18"]
[Round "3.25"]
[White "Sargsyan, Anna M."]
[Black "Matevosyan, Sedrak"]
[Result "1/2-1/2"]
[WhiteElo "1948"]
[BlackElo "2077"]
[WhiteFideId "13308130"]
[BlackFideId "13302035"]
[EventDate "2016.06.16"]

1. d4 g6 2. Nf3 Bg7 3. Bf4 Nf6 4. e3 d6 5. Be2 O-O 6. h3 Nbd7 7. O-O Qe8 8. c4
e5 9. Bh2 Qe7 10. Nc3 e4 11. Nd2 Re8 12. b4 Nf8 13. c5 d5 14. Qb3 c6 15. b5 Nh5
16. a4 Qg5 17. Kh1 Ne6 18. g4 Nf6 19. Bg3 Nxd4 20. exd4 Qxd2 21. Rad1 Qh6 22.
Kg2 g5 23. a5 a6 24. bxc6 bxc6 25. Na4 Nd7 26. Nb6 Ra7 27. Qe3 Nf8 28. f4 exf3+
29. Qxf3 Rae7 30. Bd3 Ne6 31. Nxc8 Rxc8 32. Bf5 Rce8 33. Bxe6 Qxe6 34. Rde1 Qg6
35. Rxe7 Rxe7 36. Bf2 Qc2 37. Kh1 Re6 38. Qf5 Qxf5 39. gxf5 Re2 40. Bg1 Bf6 41.
Rb1 Rd2 42. Rb6 Bxd4 43. Bxd4 Rxd4 44. f6 h6 45. Rxa6 Ra4 46. Rxc6 Rxa5 47. Rc8+
Kh7 48. c6 Rc5 49. c7 Rc2 50. Kg1 d4 51. Kf1 d3 52. Ke1 h5 53. Kd1 g4 54. hxg4
hxg4 55. Ke1 Rc6 56. Kf2 Rxf6+ 57. Kg3 Rc6 58. Kxg4 d2 59. Rd8 Rxc7 60. Rxd2 Kg6 1/2-1/2

[Event "9th Asrian Memorial 2016"]
[Site "Yerevan ARM"]
[Date "2016.06.18"]
[Round "3.27"]
[White "Avetisyan, Mariam"]
[Black "Golikov, Sergei"]
[Result "1-0"]
[WhiteElo "2050"]
[BlackElo "1774"]
[WhiteFideId "13307622"]
[BlackFideId "34103330"]
[EventDate "2016.06.16"]

1. d4 Nf6 2. c4 g6 3. Nc3 Bg7 4. Nf3 d6 5. Bf4 Nbd7 6. h3 c6 7. e3 O-O 8. Be2
Nh5 9. Bh2 Re8 10. O-O e5 11. Rc1 f5 12. Qd2 Qe7 13. b4 Bh6 14. c5 dxc5 15. Bc4+
Kh8 16. Nxe5 Nxe5 17. Bxe5+ Bg7 18. Bxg7+ Nxg7 19. bxc5 b5 20. Bb3 a5 21. d5 a4
22. d6 Qb7 23. Bd1 Be6 24. Rb1 Qf7 25. Bf3 Rac8 26. Rfd1 Red8 27. Qb2 h6 28. Rd2
Kh7 29. Rbd1 Rd7 30. Qa3 Bc4 31. Qb4 Ne6 32. Nxa4 Ng5 33. Nb6 Nxf3+ 34. gxf3
Rcd8 35. Nxc4 bxc4 36. Rc1 g5 37. Qxc4 Qh5 38. Kg2 Rg7 39. Qe6 g4 40. hxg4 Re8
41. Qc4 fxg4 42. f4 Qh3+ 43. Kg1 g3 44. Qc2+ Kh8 45. f3 g2 46. e4 Qh1+ 47. Kf2
g1=Q+ 48. Rxg1 Qxg1+ 49. Ke2 Rg2+ 50. Kd3 Qf1+ 51. Ke3 Qe1+ 52. Kd3 Rxd2+ 53.
Qxd2 Qxd2+ 54. Kxd2 Kg7 55. Ke3 Kf6 56. f5 h5 57. Kf4 h4 58. Kg4 Rg8+ 59. Kxh4
Ke5 60. Kh5 Kd4 61. f6 Kxc5 62. f7 Rf8 63. Kg6 Kxd6 64. Kf6 Rxf7+ 65. Kxf7 Ke5
66. a4 c5 67. a5 c4 68. a6 c3 69. a7 c2 70. a8=Q c1=Q 71. Qb8+ Kd4 72. Qd8+ 1-0